000 01166ngm a22002890a 4500
001 PT16385
003 AR-LpoUNG
005 20210408170803.0
007 vd cvaizq
008 191001s1993||||ag |||||||||||||||||spa d
037 _c$6.63
040 _aAR-LpoUNG
_bspa
_cAR-LpoUNG
_eaacr
041 _aspa
044 _aag
082 0 _a302.5 118jua
100 1 _aFavio, Leonardo
_edir.
245 1 0 _aJuan Moreira
260 _aBuenos Aires :
_bClass Video,
_c[1993].
300 _aVHS (89 min.) : son., col.
505 0 _aAño de realización 1972. Sobre libro de Zuhair Jury
520 _aJuan Moreira es encarcelado por reclamar lo que le corresponde, al ser liberado toma justicia por mano propia, y signa definitivamente su destino, comienzan las persecuciones y se suceden las muertes; se suma a las huestes de Alsina y entra en la -política de comité-, traicionado se pasa al bando del Gral. Mitre, en medio de estas luchas políticas, del fraude y de las traiciones, librado a su suerte, sólo le quedará la opción de la muerte.
651 4 _aArgentina
653 _aCINE ARGENTINO
653 _aVIDEOS
905 _a16385
942 _cVideo
999 _c54308
_d54308